000 00561nam a2200193 a 4500
001 20309
003 CO-ViMGA
008 141112s2004 ck r 000 u spa d
020 _a9802571067
040 _aCO-ViMGA
_bspa
_cCO-ViMGA
082 0 4 _aPERp
100 1 _aPerez, Victor
_93259
245 1 0 _aLa pulga y el piojo
260 _aCaracas :
_bEdiciones Ekare,
_c1993
300 _a20p
590 _aForma de adquisición : Premio Min Cultura - - Precio : 9.750 - - Fecha de adquisición : Febrero 2005
650 1 4 _aCUENTOS INFANTILES
_92743
942 _2ddc
_cBK
999 _c9831
_d9831